[Event "World Rapid 2015"]
[Site "Berlin GER"]
[Date "2015.10.12"]
[Round "14.76"]
[White "Lagunow, Raphael"]
[Black "Petursson, Margeir"]
[Result "1/2-1/2"]
[WhiteElo "2164"]
[BlackElo "2520"]
[PlyCount "127"]
[EventDate "2015.10.10"]
[EventType "rapid"]

1. e4 c5 2. c3 d5 3. exd5 Qxd5 4. d4 Nf6 5. Nf3 Bg4 6. Be2 e6 7. O-O Nc6 8. Be3
cxd4 9. cxd4 Be7 10. Nc3 Qd6 11. h3 Bh5 12. Qb3 O-O 13. Rfd1 Rfd8 14. Rac1 Rac8
15. Qxb7 Rb8 16. Qa6 Bxf3 17. Bxf3 Nxd4 18. Qxa7 Nxf3+ 19. gxf3 Nd5 20. b3 Ra8
21. Nxd5 exd5 22. Qb6 Qe5 23. Qd4 Qxd4 24. Bxd4 Rxa2 25. Bb6 Rb8 26. Rxd5 Rxb6
27. Rc8+ Bf8 28. Rdd8 g6 29. Rxf8+ Kg7 30. Rg8+ Kh6 31. Rb8 Rf6 32. Kg2 Ra5 33.
Rb4 Raf5 34. Rh4+ Kg5 35. Rg4+ Kh5 36. Rh8 h6 37. Rg3 Rb6 38. Rc8 Rxb3 39. Rc4
Rb2 40. Rgg4 g5 41. Rge4 Rd5 42. Re1 Rdd2 43. Rf1 Rd3 44. Rc7 Kg6 45. Rc6+ f6
46. Re1 Rdd2 47. Rf1 h5 48. Rc3 h4 49. Ra3 Rb5 50. Rc1 Re2 51. Rd1 Kf5 52. Ra4
Rbb2 53. Ra5+ Kg6 54. Rf1 Rb3 55. Rfa1 Rc2 56. R5a3 Rbb2 57. Rf1 Rb5 58. Rd3
Kf5 59. Ra3 Rb4 60. Re1 Rbb2 61. Rf1 Rc4 62. Rd1 Rcc2 63. Rf1 Rb4 64. Re1
1/2-1/2

[Event "World Rapid 2015"]
[Site "Berlin GER"]
[Date "2015.10.12"]
[Round "14.77"]
[White "Osmanodja, Filiz"]
[Black "Thornton, Giovanni Antonio"]
[Result "1-0"]
[WhiteElo "2291"]
[BlackElo "2207"]
[PlyCount "67"]
[EventDate "2015.10.10"]
[EventType "rapid"]

1. e4 e6 2. d4 d5 3. Nc3 Nf6 4. e5 Nfd7 5. f4 c5 6. Nf3 Nc6 7. Be3 cxd4 8. Nxd4
Bc5 9. Qd2 O-O 10. O-O-O a6 11. Qf2 Bxd4 12. Bxd4 Nxd4 13. Qxd4 b5 14. f5 Qg5+
15. Kb1 Qxf5 16. Re1 f6 17. Nxd5 fxe5 18. Ne7+ Kh8 19. Qd6 Qf2 20. Bd3 Qc5 21.
Qxe6 Nf6 22. Nxc8 Re8 23. Qh3 Raxc8 24. Bf5 Rc7 25. g4 e4 26. g5 g6 27. Bxg6
Rec8 28. c3 Qxg5 29. Rhg1 Qe5 30. Bf5 Re8 31. Rg6 b4 32. c4 Rc5 33. Rxf6 Rc7
34. Rh6 1-0

[Event "World Rapid 2015"]
[Site "Berlin GER"]
[Date "2015.10.12"]
[Round "14.78"]
[White "Camacho Collados, Jose"]
[Black "Zepeda, Lorena"]
[Result "1-0"]
[WhiteElo "2383"]
[BlackElo "2106"]
[PlyCount "64"]
[EventDate "2015.10.10"]
[EventType "rapid"]

1. Nf3 Nf6 2. g3 g6 3. Bg2 Bg7 4. d4 d6 5. O-O O-O 6. a4 Nbd7 7. a5 a6 8. d5 e5
9. dxe6 fxe6 10. c4 e5 11. Nc3 Nc5 12. b4 Ne6 13. Ng5 Nxg5 14. Bxg5 h6 15. Be3
Ng4 16. Bd2 Kh7 17. h3 Nf6 18. Be3 c6 19. Bb6 Qe7 20. Qd3 e4 21. Nxe4 Nxe4 22.
Bxe4 Bxh3 23. Bxg6+ Kh8 24. Rfd1 c5 25. bxc5 dxc5 26. Qe4 Qg5 27. Bc7 Rac8 28.
Bd6 Rf6 29. Bh7 Rxd6 30. Rxd6 Bxa1 31. Qxb7 Rf8 32. Bd3 Bd4 1-0

[Event "World Rapid 2015"]
[Site "Berlin GER"]
[Date "2015.10.12"]
[Round "14.79"]
[White "Cordeiro, Marco Aurelio Zaror"]
[Black "Hilverda, Alexander"]
[Result "0-1"]
[WhiteElo "2228"]
[BlackElo "2384"]
[PlyCount "98"]
[EventDate "2015.10.10"]
[EventType "rapid"]

1. e4 c5 2. Nc3 e6 3. f4 d5 4. Nf3 dxe4 5. Nxe4 Nc6 6. g3 Be7 7. Bg2 Nf6 8. Nf2
Qc7 9. Nd3 b6 10. b3 Bb7 11. Bb2 Nd4 12. O-O Rd8 13. Nde5 O-O 14. d3 Nd5 15.
Qd2 Nb4 16. a3 Nbxc2 17. Rac1 Nxf3+ 18. Bxf3 Nd4 19. Bd1 Ba8 20. h3 Qb7 21. Kh2
Qd5 22. b4 cxb4 23. Bxd4 Qxd4 24. Rc4 Qd6 25. axb4 Bf6 26. Ng4 Qxd3 27. Qxd3
Rxd3 28. Nxf6+ gxf6 29. Be2 Rd2 30. Rf2 Bf3 31. Rxf3 Rxe2+ 32. Kg1 Rd8 33. Rf2
Re3 34. Rg2 Rd1+ 35. Kh2 Rb3 36. Ra2 Rdb1 37. g4 b5 38. Rc8+ Kg7 39. Rc7 R1b2+
40. Rxb2 Rxb2+ 41. Kg3 Rb3+ 42. Kh4 Rxb4 43. Rxa7 Rxf4 44. Rb7 b4 45. Kh5 Rf3
46. Kh4 Rf4 47. Kg3 Rc4 48. h4 Rc3+ 49. Kg2 b3 0-1

[Event "World Rapid 2015"]
[Site "Berlin GER"]
[Date "2015.10.12"]
[Round "15.15"]
[White "Fedoseev, Vladimir3"]
[Black "Savchenko, Boris"]
[Result "1-0"]
[WhiteElo "2659"]
[BlackElo "2567"]
[PlyCount "181"]
[EventDate "2015.10.10"]
[EventType "rapid"]

1. Nf3 c5 2. g3 g6 3. Bg2 Bg7 4. O-O Nc6 5. c4 e6 6. Nc3 Nge7 7. d3 d5 8. Bg5
h6 9. cxd5 hxg5 10. dxc6 Nxc6 11. Nd2 Bd7 12. Rc1 b6 13. e3 Rc8 14. Qe2 Ne7 15.
Nde4 Nf5 16. g4 Nh4 17. Nd6+ Kf8 18. Nxc8 Qxc8 19. h3 Nxg2 20. Kxg2 Be5 21. Rh1
Kg7 22. f3 Qd8 23. Rcd1 Bc6 24. Qf2 Qf6 25. d4 cxd4 26. exd4 Bb8 27. d5 exd5
28. Nxd5 Qe6 29. Nb4 Ba8 30. Rhe1 Qf6 31. Rd3 Rc8 32. Kg1 Bd6 33. Qd2 Bg3 34.
Rd1 Rc4 35. Nd5 Bxd5 36. Rxd5 Qxf3 37. Rd3 Qf4 38. Qxf4 Bxf4 39. Rc3 Re4 40.
Kf2 Be5 41. Rf3 Bd4+ 42. Kf1 Bxb2 43. Rd7 Bf6 44. Rxa7 b5 45. Rb7 b4 46. Rb3
Be7 47. Rf3 Kf8 48. Rf2 Kg7 49. Re2 Rf4+ 50. Kg2 Bc5 51. Rc2 Bd6 52. Rf2 Rxf2+
53. Kxf2 Kf6 54. Ke3 Ke6 55. Kd4 Be5+ 56. Kc4 Bd6 57. Rb5 Be7 58. Kd4 Bf6+ 59.
Ke4 Be7 60. Rb6+ Bd6 61. Kd4 Kd7 62. Kd5 Be7 63. Rb7+ Ke8 64. Ke5 Kf8 65. Rb8+
Kg7 66. Re8 Bc5 67. Kd5 Bf8 68. Kc6 f5 69. Kd5 Kf7 70. Re5 Kf6 71. Re6+ Kf7 72.
Rb6 Be7 73. Ke5 f4 74. Ke4 Bc5 75. Rc6 Bf8 76. Kd5 Be7 77. Ke5 Bd8 78. Rc4 Bf6+
79. Kd5 Be7 80. Rc6 Bf8 81. Ke4 Bg7 82. Rc7+ Kf6 83. Rb7 Bf8 84. Rb6+ Kf7 85.
Rb5 Kf6 86. h4 gxh4 87. g5+ Ke6 88. Kxf4 Kd7 89. Kg4 Kc6 90. Rb8 Bd6 91. Rg8
1-0

[Event "World Rapid 2015"]
[Site "Berlin GER"]
[Date "2015.10.12"]
[Round "15.23"]
[White "Moiseenko, Alexander"]
[Black "Petrosian, Tigran L"]
[Result "1-0"]
[WhiteElo "2692"]
[BlackElo "2625"]
[PlyCount "69"]
[EventDate "2015.10.10"]
[EventType "rapid"]

1. d4 d6 2. e4 g6 3. Nc3 Bg7 4. Be3 a6 5. Qd2 b5 6. a4 b4 7. Nd1 Bb7 8. f3 a5
9. c3 bxc3 10. bxc3 Nd7 11. Bd3 Nb6 12. Ne2 Bc6 13. Nb2 Nf6 14. Bh6 O-O 15. h4
e5 16. h5 Qe7 17. Bxg7 Kxg7 18. Ng3 Bd7 19. hxg6 fxg6 20. Qg5 Ng8 21. Qxe7+
Nxe7 22. Kd2 Rab8 23. dxe5 dxe5 24. Kc2 Nec8 25. Nf1 Nd6 26. Ne3 Be6 27. Bb5 h5
28. Nd3 Kf6 29. Nc5 Bf7 30. Rhd1 Rfd8 31. Be2 Kg5 32. Rab1 Kf4 33. Nd3+ Kg3 34.
Rh1 Be6 35. Nf1+ 1-0

[Event "World Rapid 2015"]
[Site "Berlin GER"]
[Date "2015.10.12"]
[Round "15.24"]
[White "Vitiugov, Nikita"]
[Black "Ponkratov, Pavel"]
[Result "1/2-1/2"]
[WhiteElo "2725"]
[BlackElo "2604"]
[PlyCount "103"]
[EventDate "2015.10.10"]
[EventType "rapid"]

1. d4 Nf6 2. Nf3 e6 3. c4 c5 4. g3 Qa5+ 5. Nbd2 cxd4 6. Nxd4 Nc6 7. N4b3 Qh5 8.
Bg2 a5 9. Nf3 Bb4+ 10. Bd2 d5 11. cxd5 exd5 12. h3 O-O 13. a3 Bxd2+ 14. Qxd2
Ne4 15. Qf4 Re8 16. Rd1 Ra6 17. g4 Qg6 18. O-O a4 19. Nbd4 Rb6 20. Nh4 Qf6 21.
Qxf6 Nxf6 22. Nhf5 Bxf5 23. Nxf5 Rxe2 24. g5 Re5 25. gxf6 Rxf5 26. Bxd5 gxf6
27. Rd2 Ne5 28. Kg2 Kg7 29. Be4 Rf4 30. f3 f5 31. Kg3 Ng6 32. Bd5 h5 33. Rc1
h4+ 34. Kf2 Rd6 35. Rc7 Kf6 36. Ke3 b6 37. Rxf7+ Ke5 38. Rg7 b5 39. Rg8 b4 40.
Re8+ Kf6 41. Rg8 Ke5 42. Rxg6 Rxg6 43. Bf7 Rxf3+ 44. Kxf3 Rg3+ 45. Kf2 bxa3 46.
bxa3 Rxh3 47. Rd5+ Kf6 48. Be8 Rxa3 49. Bd7 h3 50. Rxf5+ Ke7 51. Bc6 Kd6 52.
Bxa4 1/2-1/2

[Event "World Rapid 2015"]
[Site "Berlin GER"]
[Date "2015.10.12"]
[Round "15.25"]
[White "Volokitin, Andrei"]
[Black "Bogdanovich, Stanislav"]
[Result "0-1"]
[WhiteElo "2639"]
[BlackElo "2590"]
[PlyCount "129"]
[EventDate "2015.10.10"]
[EventType "rapid"]

1. e4 e5 2. Nf3 Nc6 3. Bc4 Bc5 4. c3 Nf6 5. d3 a6 6. Nbd2 O-O 7. O-O d5 8. exd5
Nxd5 9. Ne4 Be7 10. a4 Kh8 11. a5 b6 12. axb6 Nxb6 13. Bb3 Bf5 14. Re1 Qd7 15.
Be3 a5 16. Bxb6 cxb6 17. Ba4 Qc7 18. Bxc6 Qxc6 19. Nxe5 Qc7 20. Qf3 Be6 21. d4
Kg8 22. Ng3 Bd6 23. Nf5 Bxf5 24. Qxf5 Rfe8 25. Nf3 h6 26. g3 Qc6 27. Rxe8+ Rxe8
28. Re1 Rxe1+ 29. Nxe1 a4 30. Qd3 b5 31. Nc2 Qd5 32. Ne3 Qb3 33. Qc2 Qa2 34.
Kg2 Bf8 35. h4 h5 36. Kf3 g6 37. Qe2 Qb3 38. Qd2 b4 39. cxb4 Bxb4 40. Qc2 Qxc2
41. Nxc2 Bd2 42. Na1 Bc1 43. b4 Kf8 44. Ke4 Ke7 45. Kd5 Bb2 46. Nc2 a3 47. b5
a2 48. b6 Kd7 49. Ke5 Bc3 50. Kf6 Bxd4+ 51. Kxf7 Bxb6 52. f4 Bf2 53. Kxg6 Bxg3
54. f5 Bxh4 55. Kxh5 Bf6 56. Kg4 Kd6 57. Kf3 Kc5 58. Ke2 Kc4 59. Kd2 Bg5+ 60.
Kd1 Kb3 61. Nd4+ Kc3 62. Nc2 Kb2 63. f6 Bxf6 64. Kd2 Bg5+ 65. Kd3 0-1

[Event "World Rapid 2015"]
[Site "Berlin GER"]
[Date "2015.10.12"]
[Round "15.32"]
[White "Meier, Georg"]
[Black "Belov, Vladimir"]
[Result "1-0"]
[WhiteElo "2654"]
[BlackElo "2614"]
[PlyCount "83"]
[EventDate "2015.10.10"]
[EventType "rapid"]

1. Nf3 d5 2. g3 Nf6 3. Bg2 g6 4. b3 Bg7 5. Bb2 O-O 6. c4 c6 7. O-O a5 8. Nc3
Re8 9. d4 Bf5 10. e3 Ne4 11. Rc1 Nxc3 12. Bxc3 Be4 13. Bh3 Bxf3 14. Qxf3 e6 15.
Rc2 Nd7 16. Rb1 Nf6 17. Qe2 Ne4 18. Be1 Bf8 19. f3 Nf6 20. Rd1 Qb6 21. Bf2 a4
22. Rb1 axb3 23. Rxb3 Qc7 24. Rcb2 Rab8 25. Qc2 Bg7 26. a4 Re7 27. Bf1 Ne8 28.
g4 dxc4 29. Bxc4 Nd6 30. Bf1 Ra8 31. f4 f5 32. g5 Qa5 33. Qb1 Ra7 34. Be1 Qd5
35. Bb4 Rd7 36. Bg2 Ne4 37. Bc5 Qxc5 38. dxc5 Bxb2 39. Bxe4 Bg7 40. Rd3 Rxd3
41. Bxd3 Bf8 42. Qb4 1-0

[Event "World Rapid 2015"]
[Site "Berlin GER"]
[Date "2015.10.12"]
[Round "15.33"]
[White "Vallejo Pons, Francisco"]
[Black "Swiercz, Dariusz"]
[Result "0-1"]
[WhiteElo "2684"]
[BlackElo "2620"]
[PlyCount "132"]
[EventDate "2015.10.10"]
[EventType "rapid"]

1. d4 Nf6 2. c4 g6 3. f3 Nc6 4. Nc3 d5 5. e4 dxe4 6. d5 Ne5 7. fxe4 Bg7 8. Nf3
Nxf3+ 9. gxf3 O-O 10. Be3 e6 11. Qd2 exd5 12. cxd5 c6 13. dxc6 Qe7 14. O-O-O
bxc6 15. Qd6 Qxd6 16. Rxd6 Be6 17. Rxc6 Nd7 18. f4 Rfc8 19. Rxc8+ Rxc8 20. Ba6
Rc7 21. Kd2 Nc5 22. Bd3 Nxd3 23. Kxd3 Bxc3 24. bxc3 Bxa2 25. Bd4 Bc4+ 26. Ke3
a6 27. f5 Kf8 28. Rb1 Bb5 29. Kf4 Ke8 30. h4 Rc6 31. Rg1 Ke7 32. h5 Be2 33. h6
Bb5 34. f6+ Kd7 35. Rd1 Ke6 36. Rg1 Kd7 37. Rg2 Re6 38. Rd2 Rd6 39. Rb2 Rc6 40.
Be5 Ke6 41. Bd4 Kd7 42. Rd2 Rd6 43. e5 Rd5 44. Ke4 Ke6 45. Rc2 Bc6 46. Ke3 Rb5
47. Ra2 a5 48. Kd3 g5 49. Ra1 g4 50. Rg1 Bf3 51. Ke3 a4 52. Ra1 Ra5 53. Rb1 a3
54. Rb6+ Kf5 55. e6 a2 56. c4 a1=Q 57. Bxa1 Rxa1 58. e7 Re1+ 59. Kd2 Re2+ 60.
Kd3 g3 61. Rb2 Re1 62. Kd2 Re6 63. Rb3 Kf4 64. Rb6 Re2+ 65. Kd3 g2 66. Rb1 Re6
0-1

[Event "World Rapid 2015"]
[Site "Berlin GER"]
[Date "2015.10.12"]
[Round "15.36"]
[White "Ghaem Maghami, Ehsan"]
[Black "Seirawan, Yasser"]
[Result "1/2-1/2"]
[WhiteElo "2596"]
[BlackElo "2620"]
[PlyCount "49"]
[EventDate "2015.10.10"]
[EventType "rapid"]

1. e4 c6 2. d4 d5 3. e5 Bf5 4. Nf3 e6 5. Be2 Ne7 6. O-O c5 7. dxc5 Nec6 8. a3
Bxc5 9. b4 Be7 10. Bb2 Nd7 11. Nbd2 Nb6 12. Bb5 O-O 13. Bxc6 bxc6 14. Nd4 c5
15. Nxf5 exf5 16. bxc5 Bxc5 17. Nb3 Rc8 18. Nxc5 Rxc5 19. e6 f6 20. Re1 Re8 21.
Qd3 Rc6 22. Qxf5 Qe7 23. Bd4 Rxe6 24. Rxe6 Qxe6 25. Qxe6+ 1/2-1/2

[Event "World Rapid 2015"]
[Site "Berlin GER"]
[Date "2015.10.12"]
[Round "15.37"]
[White "Zhang, Zhong"]
[Black "Zvjaginsev, Vadim"]
[Result "1-0"]
[WhiteElo "2619"]
[BlackElo "2660"]
[PlyCount "127"]
[EventDate "2015.10.10"]
[EventType "rapid"]

1. Nf3 b6 2. e4 Bb7 3. Nc3 e6 4. d4 Bb4 5. Bd3 Nf6 6. Qe2 d5 7. exd5 Qxd5 8.
O-O Bxc3 9. bxc3 O-O 10. Re1 Nbd7 11. a4 Qh5 12. Nd2 Qxe2 13. Bxe2 Ne4 14. Nxe4
Bxe4 15. Bd1 Nf6 16. a5 b5 17. Ba3 Rfb8 18. a6 Bd5 19. Bc5 Nd7 20. Bb4 Rb6 21.
Be2 c6 22. Ra5 h6 23. Bd6 Rc8 24. Rb1 g5 25. Bd3 Kg7 26. f3 h5 27. Kf2 f5 28.
Be7 Kg6 29. h4 g4 30. Kg3 Kf7 31. Bd6 Rg8 32. Kf4 gxf3 33. gxf3 Rg2 34. Bc7 Rf2
35. Rf1 Rg2 36. Raa1 Nf8 37. Ke3 Nd7 38. Bxb6 Nxb6 39. Rg1 Rh2 40. Rh1 Rxh1 41.
Rxh1 Nd7 42. Rg1 Nb8 43. Rg5 Nxa6 44. Rxh5 Kg7 45. Rg5+ Kh7 46. Rg1 Nc7 47. Ra1
a6 48. Kf4 Kh6 49. Be2 Kh5 50. Rg1 a5 51. Rg7 Ne8 52. Ra7 a4 53. Ke5 Kxh4 54.
c4 bxc4 55. Rxa4 Kg3 56. f4 c3 57. Ra3 Kf2 58. Bh5 Nc7 59. Rxc3 Nb5 60. Rc5 Na3
61. Be8 Nc4+ 62. Rxc4 Bxc4 63. Bxc6 Ke3 64. Bd7 1-0

[Event "World Rapid 2015"]
[Site "Berlin GER"]
[Date "2015.10.12"]
[Round "15.38"]
[White "Ragger, Markus"]
[Black "Huzman, Alexander"]
[Result "1-0"]
[WhiteElo "2698"]
[BlackElo "2580"]
[PlyCount "71"]
[EventDate "2015.10.10"]
[EventType "rapid"]

1. d4 Nf6 2. c4 e6 3. Nf3 d5 4. g3 Bb4+ 5. Bd2 Be7 6. Bg2 c6 7. Qc2 O-O 8. O-O
b6 9. Rd1 Nbd7 10. b3 Ne4 11. Bf4 Bb7 12. Nc3 f5 13. Ne5 Nxe5 14. Bxe5 Bf6 15.
e3 Bxe5 16. dxe5 Nxc3 17. Qxc3 Qe7 18. Rac1 Rfc8 19. h4 a5 20. Qd4 Qb4 21. h5
h6 22. g4 fxg4 23. Qxg4 Qe7 24. f4 Rf8 25. Qg6 Rae8 26. cxd5 exd5 27. Rxc6 Bxc6
28. Qxc6 Qh4 29. Qg6 Kh8 30. Rf1 Rd8 31. Rf3 Rc8 32. Rh3 Qe1+ 33. Kh2 d4 34.
Rg3 Rc7 35. Be4 Qe2+ 36. Rg2 1-0

[Event "World Rapid 2015"]
[Site "Berlin GER"]
[Date "2015.10.12"]
[Round "15.39"]
[White "Almasi, Zoltan"]
[Black "Vovk, Yuri"]
[Result "0-1"]
[WhiteElo "2689"]
[BlackElo "2617"]
[PlyCount "96"]
[EventDate "2015.10.10"]
[EventType "rapid"]

1. e4 e6 2. d4 d5 3. Nc3 Nf6 4. e5 Nfd7 5. f4 c5 6. Nf3 Nc6 7. Be3 Qb6 8. Na4
Qa5+ 9. c3 c4 10. b4 Qc7 11. Nb2 Be7 12. a4 b6 13. Be2 a6 14. O-O Nf8 15. Bf2
Ng6 16. Qc1 O-O 17. Bg3 Bd7 18. Nd1 b5 19. Ne3 Qb7 20. a5 f5 21. exf6 Bxf6 22.
Bd1 Bd8 23. Ng4 Bc7 24. Nge5 Ngxe5 25. dxe5 d4 26. Nxd4 Nxd4 27. cxd4 Bc6 28.
Ra2 Rad8 29. Bg4 Qc8 30. Bf2 Bb8 31. Be3 Ba7 32. Qc3 Be4 33. Rd2 Qc6 34. h3 Qd5
35. Kh2 Bd3 36. Rxd3 cxd3 37. Qxd3 Bxd4 38. Bxd4 Qxd4 39. Bxe6+ Kh8 40. Qg3
Qxb4 41. f5 Qe7 42. Rc1 Rd2 43. Rc6 Rd1 44. Qf3 Re1 45. Qg3 Ra1 46. Rd6 Qa7 47.
Qf3 Qg1+ 48. Kg3 Qe1+ 0-1

[Event "World Rapid 2015"]
[Site "Berlin GER"]
[Date "2015.10.12"]
[Round "15.41"]
[White "Gajewski, Grzegorz"]
[Black "Romanov, Evgeny"]
[Result "1-0"]
[WhiteElo "2654"]
[BlackElo "2573"]
[PlyCount "71"]
[EventDate "2015.10.10"]
[EventType "rapid"]

1. c4 e5 2. g3 c6 3. Nf3 e4 4. Nd4 Qb6 5. Nb3 a5 6. d3 Bb4+ 7. Nc3 a4 8. Nd2
exd3 9. exd3 Nf6 10. Bg2 O-O 11. O-O Qa5 12. Nde4 Nxe4 13. Nxe4 d5 14. a3 dxe4
15. axb4 Qxb4 16. Bxe4 Nd7 17. Bg5 h6 18. Bxh6 f5 19. Bd2 Qxb2 20. Bg2 a3 21.
Re1 Nc5 22. Be3 Na4 23. Qh5 a2 24. Rxa2 Qxa2 25. Bd4 Be6 26. Bxg7 Kxg7 27. Rxe6
Qa1+ 28. Bf1 Rf7 29. Rg6+ Kf8 30. Qh6+ Ke7 31. Qe3+ Kf8 32. Qh6+ Ke7 33. Qe3+
Kf8 34. d4 Re8 35. Qg5 Rd7 36. Rg8+ 1-0

[Event "World Rapid 2015"]
[Site "Berlin GER"]
[Date "2015.10.12"]
[Round "15.42"]
[White "Kovalev, Vladislav"]
[Black "Bluebaum, Matthias"]
[Result "0-1"]
[WhiteElo "2546"]
[BlackElo "2588"]
[PlyCount "92"]
[EventDate "2015.10.10"]
[EventType "rapid"]

1. d4 d5 2. Nc3 Nf6 3. Bf4 c5 4. e3 cxd4 5. exd4 a6 6. Nf3 Nc6 7. h3 e6 8. Bd3
Bd6 9. Bg5 h6 10. Bh4 g5 11. Bg3 Bxg3 12. fxg3 Qc7 13. Ne2 Ne4 14. g4 Ng3 15.
Rg1 Bd7 16. c3 b5 17. Qd2 Nxe2 18. Kxe2 f6 19. Kf2 O-O 20. Bc2 Qa7 21. a4 bxa4
22. Qd3 Be8 23. Qe3 e5 24. Bf5 e4 25. Nd2 Ne7 26. h4 Bd7 27. Qh3 Qc7 28. Ke1
Nxf5 29. gxf5 Rab8 30. hxg5 fxg5 31. Qxh6 Qg3+ 32. Kd1 Bxf5 33. Kc1 Rfc8 34.
Ra3 Qe3 35. Rh1 Rxb2 36. Kxb2 Qxd2+ 37. Ka1 Rxc3 38. Qh8+ Kf7 39. Rh7+ Bxh7 40.
Qxh7+ Kf6 41. Qh8+ Kf5 42. Qe5+ Kg4 43. Qe6+ Kh5 44. Qf7+ Kh4 45. g3+ Kh3 46.
Qf1+ Kg4 0-1

[Event "World Rapid 2015"]
[Site "Berlin GER"]
[Date "2015.10.12"]
[Round "15.43"]
[White "Ganguly, Surya Shekhar"]
[Black "Kravtsiv, Martyn"]
[Result "0-1"]
[WhiteElo "2652"]
[BlackElo "2621"]
[PlyCount "74"]
[EventDate "2015.10.10"]
[EventType "rapid"]

1. e4 e5 2. Nf3 Nc6 3. Bc4 Nf6 4. d3 Bc5 5. O-O O-O 6. h3 h6 7. c3 d6 8. Re1 a5
9. Nbd2 Be6 10. Bb5 Bd7 11. Nf1 Ne7 12. Bc4 Ng6 13. d4 Ba7 14. Ng3 Bc6 15. Bd3
Re8 16. Be3 exd4 17. Bxd4 Ne5 18. Nxe5 dxe5 19. Bxa7 Rxa7 20. Qf3 Ra8 21. Rad1
g6 22. Bb5 Qe7 23. Bxc6 bxc6 24. Qe3 Kg7 25. Rd2 Reb8 26. Ne2 a4 27. a3 Ne8 28.
Nc1 Nd6 29. Qc5 Rb5 30. Qxc6 Raa5 31. Nd3 Rb6 32. Nb4 Rxc6 33. Nxc6 Qg5 34.
Rxd6 cxd6 35. Nxa5 Qd2 36. Re3 Qc1+ 37. Kh2 Qxb2 0-1

[Event "World Rapid 2015"]
[Site "Berlin GER"]
[Date "2015.10.12"]
[Round "15.44"]
[White "Agdestein, Simen"]
[Black "Bologan, Viktor"]
[Result "1-0"]
[WhiteElo "2606"]
[BlackElo "2607"]
[PlyCount "105"]
[EventDate "2015.10.10"]
[EventType "rapid"]

1. c4 e5 2. g3 Nf6 3. Bg2 h6 4. Nc3 Bb4 5. Nf3 Bxc3 6. bxc3 e4 7. Nd4 O-O 8.
O-O d6 9. f3 c5 10. Nc2 exf3 11. Rxf3 Nc6 12. d3 Re8 13. h3 d5 14. cxd5 Nxd5
15. Bd2 Be6 16. Qf1 Qd7 17. Rd1 Nde7 18. c4 Nf5 19. Bc3 Ncd4 20. Nxd4 cxd4 21.
Bd2 Qa4 22. Ra1 Ne7 23. Qc1 b5 24. cxb5 Rac8 25. Qb1 Rc2 26. Qb4 Qxb4 27. Bxb4
Nd5 28. a3 Ne3 29. Rf2 Nxg2 30. Kxg2 Bd5+ 31. Kf1 Re3 32. Bd6 Be6 33. h4 Bh3+
34. Kg1 Rexe2 35. Rxe2 Rxe2 36. a4 Rd2 37. Bc5 Rxd3 38. Bxa7 Rxg3+ 39. Kh2 Rb3
40. Bxd4 Bd7 41. Bf2 Rb2 42. Kg1 g5 43. hxg5 hxg5 44. b6 Bc8 45. Rc1 Ba6 46.
Rc7 Kh7 47. Rxf7+ Kg6 48. Ra7 Bd3 49. a5 Kh5 50. Bd4 Rb4 51. b7 Kg4 52. Kf2 Kf4
53. Bb6 1-0

[Event "World Rapid 2015"]
[Site "Berlin GER"]
[Date "2015.10.12"]
[Round "15.48"]
[White "Ivanisevic, Ivan"]
[Black "Bezold, Michael"]
[Result "1-0"]
[WhiteElo "2653"]
[BlackElo "2509"]
[PlyCount "63"]
[EventDate "2015.10.10"]
[EventType "rapid"]

1. d4 g6 2. e4 Bg7 3. Nc3 d6 4. Be3 a6 5. Qd2 Nd7 6. Nf3 e6 7. Bd3 h6 8. O-O-O
b5 9. e5 Nb6 10. exd6 cxd6 11. d5 b4 12. Ne4 Nxd5 13. Bc4 Nge7 14. Bf4 Kf8 15.
Nxd6 Kg8 16. h4 a5 17. Ne4 Ba6 18. Bxa6 Rxa6 19. Be5 f6 20. Nxf6+ Bxf6 21. Bxf6
Rh7 22. h5 g5 23. Nxg5 hxg5 24. Qxg5+ Kf7 25. Bxe7 Qxe7 26. Qg6+ Kf8 27. Rxd5
Rg7 28. Qh6 exd5 29. Qxa6 Qg5+ 30. Kb1 Qxg2 31. Qc8+ Kf7 32. Re1 1-0

[Event "World Rapid 2015"]
[Site "Berlin GER"]
[Date "2015.10.12"]
[Round "15.49"]
[White "Ehlvest, Jaan"]
[Black "Van Wely, Loek"]
[Result "1/2-1/2"]
[WhiteElo "2535"]
[BlackElo "2632"]
[PlyCount "21"]
[EventDate "2015.10.10"]
[EventType "rapid"]

1. d4 Nf6 2. Nf3 d5 3. c4 e6 4. Nc3 dxc4 5. e3 a6 6. Bxc4 b5 7. Bd3 c5 8. dxc5
Bxc5 9. Ne4 Bb4+ 10. Bd2 Bxd2+ 11. Qxd2 1/2-1/2

[Event "World Rapid 2015"]
[Site "Berlin GER"]
[Date "2015.10.12"]
[Round "15.50"]
[White "Al-Sayed, Mohammed"]
[Black "Borisek, Jure"]
[Result "0-1"]
[WhiteElo "2520"]
[BlackElo "2565"]
[PlyCount "70"]
[EventDate "2015.10.10"]
[EventType "rapid"]

1. d4 Nf6 2. c4 g6 3. Nc3 d5 4. Bg5 Bg7 5. Bxf6 Bxf6 6. cxd5 c5 7. dxc5 Nd7 8.
e3 O-O 9. Nf3 Nxc5 10. Be2 Qb6 11. Qd2 Bf5 12. O-O Ne4 13. Nxe4 Bxe4 14. Bc4
Bxb2 15. Rad1 Bf6 16. Bb3 Rfd8 17. Qe2 Rac8 18. h4 Qa5 19. d6 e6 20. Ng5 Bxg5
21. hxg5 Qxg5 22. f3 Bc6 23. Rfe1 Rd7 24. e4 Qe5 25. Qe3 g5 26. Rc1 h6 27. Qxa7
Rxd6 28. Red1 Rcd8 29. Rxd6 Rxd6 30. Qe3 Qb2 31. Rc2 Qa1+ 32. Kf2 Rd1 33. Bc4
Rh1 34. Kg3 Qe5+ 35. f4 Qxe4 0-1

[Event "World Rapid 2015"]
[Site "Berlin GER"]
[Date "2015.10.12"]
[Round "15.51"]
[White "Mikhalevski, Victor"]
[Black "Maze, Sebastien"]
[Result "1-0"]
[WhiteElo "2536"]
[BlackElo "2582"]
[PlyCount "63"]
[EventDate "2015.10.10"]
[EventType "rapid"]

1. c4 e5 2. g3 Nf6 3. Bg2 g6 4. Nf3 Nc6 5. b3 Bg7 6. Bb2 d6 7. d4 O-O 8. dxe5
Nd7 9. Nc3 Ncxe5 10. O-O Re8 11. Qd2 a5 12. Nd4 a4 13. Rab1 axb3 14. axb3 Nc5
15. Rfd1 Bd7 16. Qc2 Qc8 17. Nd5 Ra2 18. Ra1 Rxa1 19. Bxa1 Qb8 20. Bc3 h5 21.
Qb2 Qd8 22. Nb5 Bxb5 23. cxb5 c6 24. bxc6 bxc6 25. Nb4 Qb6 26. Rxd6 Nc4 27.
bxc4 Na4 28. Nd5 Qc5 29. Qb4 Qxb4 30. Bxb4 cxd5 31. Bxd5 Bf8 32. Rxg6+ 1-0

[Event "World Rapid 2015"]
[Site "Berlin GER"]
[Date "2015.10.12"]
[Round "15.52"]
[White "Krnan, Tomas"]
[Black "Anton Guijarro, David"]
[Result "1/2-1/2"]
[WhiteElo "2440"]
[BlackElo "2634"]
[PlyCount "77"]
[EventDate "2015.10.10"]
[EventType "rapid"]

1. e4 c5 2. Nf3 d6 3. Bb5+ Nd7 4. O-O a6 5. Bd3 Ngf6 6. c3 b5 7. Re1 e5 8. a4
c4 9. Bc2 Bb7 10. axb5 axb5 11. Rxa8 Qxa8 12. Na3 Ba6 13. d3 Be7 14. Nh4 g6 15.
dxc4 bxc4 16. Bh6 Qc8 17. Ba4 Kd8 18. Nf3 Ng4 19. Bg5 Qc5 20. Bxe7+ Kxe7 21.
Qd2 Nb6 22. Bd1 Nf6 23. Nc2 Bb7 24. Qg5 h6 25. Qh4 Nbd7 26. Nb4 Nf8 27. Nd5+
Bxd5 28. exd5 Qxd5 29. Be2 g5 30. Qxc4 Ne6 31. Ra1 Rb8 32. Qxd5 Nxd5 33. Bc4
Ndc7 34. b4 d5 35. Nxe5 Kd6 36. Nxf7+ Ke7 37. Ne5 Kd6 38. Nf7+ Ke7 39. Ne5
1/2-1/2

[Event "World Rapid 2015"]
[Site "Berlin GER"]
[Date "2015.10.12"]
[Round "15.53"]
[White "Jumabayev, Rinat"]
[Black "Hirneise, Tobias"]
[Result "1-0"]
[WhiteElo "2606"]
[BlackElo "2457"]
[PlyCount "83"]
[EventDate "2015.10.10"]
[EventType "rapid"]

1. d4 Nf6 2. c4 e6 3. Nf3 b6 4. g3 Ba6 5. b3 b5 6. cxb5 Bxb5 7. Bg2 d5 8. O-O
Nbd7 9. Nc3 Ba6 10. Bb2 Be7 11. Rc1 c5 12. dxc5 Bxc5 13. Na4 Be7 14. Nd4 Bb7
15. Nc6 Bxc6 16. Rxc6 Nb6 17. Nc3 Qd7 18. Rxb6 axb6 19. a4 O-O 20. Nb5 Rac8 21.
Bd4 Qd8 22. Na7 Ra8 23. Nb5 Bc5 24. Be5 Qe7 25. Bf3 Rac8 26. Qb1 Rfd8 27. Kg2
Ne8 28. Rd1 f6 29. Ba1 Rd7 30. h4 Rcd8 31. h5 Nc7 32. Nd4 Bxd4 33. Bxd4 b5 34.
a5 b4 35. Rc1 e5 36. Bb6 Qd6 37. Bg4 Rf7 38. Bf5 e4 39. Qc2 Nb5 40. Bxd8 Nd4
41. Qc8 Rf8 42. Bb6 1-0

[Event "World Rapid 2015"]
[Site "Berlin GER"]
[Date "2015.10.12"]
[Round "15.54"]
[White "Kunin, Vitaly"]
[Black "Agrest, Evgenij"]
[Result "0-1"]
[WhiteElo "2556"]
[BlackElo "2596"]
[PlyCount "50"]
[EventDate "2015.10.10"]
[EventType "rapid"]

1. d4 d5 2. c4 c6 3. Nf3 Nf6 4. Nc3 e6 5. e3 a6 6. Qc2 c5 7. cxd5 exd5 8. Be2
cxd4 9. Nxd4 Bd6 10. O-O O-O 11. b3 Bd7 12. Bb2 Qc7 13. h3 Nc6 14. Nxc6 Bxc6
15. Rfd1 Rac8 16. Rac1 Qe7 17. Qf5 Qe6 18. Bd3 g6 19. Qg5 Be5 20. Na4 Bxb2 21.
Nxb2 Ne4 22. Qf4 Bb5 23. a4 Bxd3 24. Nxd3 Nc3 25. Re1 Qe4 0-1